000 00632nam a2200241Ia 4500
008 160803s9999 xx 000 0 und d
020 _a9780439227056
100 _aAdler, David A.
245 _aYoung Cam Jansen and the lost tooth /
245 _cby David A. Adler ; illustrated by Susanna Natti.
260 _aNew York :
260 _bScholastic Inc.
260 _c2000
300 _a32 pages :
300 _bcolor illustrations ;
300 _c23 cm
650 _aDetective and mystery stories.
650 _aSchools --
650 _aTeeth --
650 _xFiction.
650 _xFiction.
700 _a360
999 _c299866
_d299866